000 00271nam a2200109 a 4500
005 20201002044925.0
008 140403s1971 000 spa d
100 _aBoccaccio
_971517
245 0 _aDecameron.
260 _aMadrid -- Libra,
_c1971 -- 180 p.
999 _c43183
_d43183
040 _aDO-SdBNP